Statistics for Countries of Oceania in alphabetical order

Click here to take the quiz!

General Stats

  • This quiz has been taken 36 times
  • The average score is 13 of 14

Answer Stats

HintAnswer% Correct
1Australia
95%
3Fiji
95%
4Kiribati
95%
5Marshall Islands
95%
6Nauru
95%
8Palau
95%
10Samoa
95%
11Solomon Islands
95%
13Tuvalu
95%
14Vanuatu
95%
12Tonga
89%
9Papua New Guinea
84%
2F.S Micronesia
79%
7New Zealand
74%

Score Distribution

Percentile by Number Answered

Percent of People with Each Score

Your Score History

You have not taken this quiz